Tổng tập hồi ký

Giới thiệu tổng hợp hồi kí về cuộc đời hoạt động cách mạng và những cống hiến to lớn cho sự nghiệp cách mạng của Đảng, đất nước và quân đội của đại tướng Võ Nguyên Giáp, gồm:Từ nhân dân mà ra, Những năm tháng không thể nào quên,...

全面介紹

Đã lưu trong:
書目詳細資料
主要作者: Võ, Nguyên Giáp
其他作者: Đỗ, Tất Thắng
格式: 圖書
語言:Undetermined
出版: H. Quân đội nhân dân 2018
主題:
在線閱讀:http://lrc.tdmu.edu.vn/opac/search/detail.asp?aID=2&ID=34191
標簽: 添加標簽
沒有標簽, 成為第一個標記此記錄!
Thư viện lưu trữ: Trung tâm Học liệu Trường Đại học Thủ Dầu Một
LEADER 01411nam a2200217Ia 4500
001 TDMU_34191
008 210410s9999 xx 000 0 und d
082 |a 658.827 
090 |b V400 
100 |a Võ, Nguyên Giáp 
245 0 |a Tổng tập hồi ký 
245 0 |c Võ Nguyên Giáp; Đỗ Tất Thắng, Bùi Thị Thu Hương, Phạm Thị Thúy Nga sưu tầm 
260 |a H. 
260 |b Quân đội nhân dân 
260 |c 2018 
300 |a 1360tr. 
520 |a Giới thiệu tổng hợp hồi kí về cuộc đời hoạt động cách mạng và những cống hiến to lớn cho sự nghiệp cách mạng của Đảng, đất nước và quân đội của đại tướng Võ Nguyên Giáp, gồm:Từ nhân dân mà ra, Những năm tháng không thể nào quên, Chiến đấu trong vòng vây, Đường tới Điện Biên Phủ, Điện Biên Phủ - điểm hẹn lịch sử, Tổng hành dinh trong mùa Xuân toàn thắng. 
650 |a Văn học Việt Nam  |v Hồi ký; Danh tướng  |v Hồi ký  |z Việt Nam; Võ, Nguyên Giáp  |d (1911-2013) 
700 |a Đỗ, Tất Thắng 
856 |u http://lrc.tdmu.edu.vn/opac/search/detail.asp?aID=2&ID=34191 
980 |a Trung tâm Học liệu Trường Đại học Thủ Dầu Một